|
|
|
|
| LEADER |
02463nem a2200445 a 4500 |
| 001 |
mzk03001178625 |
| 003 |
CZ BrMZK |
| 005 |
20130802140035.0 |
| 007 |
aj|canzn |
| 008 |
080128q17161724gw ij|||||a|||r|0|||lat|d |
| 034 |
1 |
|
|a a
|b 780000
|d E0142433
|e E0242200
|f N0500500
|g N0424100
|
| 040 |
|
|
|a BOA001
|b cze
|d BOE950
|
| 043 |
|
|
|a e-hu---
|
| 072 |
|
7 |
|a 912:904
|x Staré mapy
|2 Konspekt
|9 7
|
| 080 |
|
|
|a (439)
|2 MRF
|
| 080 |
|
|
|a (084.3)
|2 MRF
|
| 100 |
1 |
|
|a Homann, Johann Baptist,
|d 1663-1724
|7 mzk2006356133
|4 aut
|
| 245 |
1 |
0 |
|a Regnorum Hungariae, Dalmatiae, Croatiae, Sclavoniae, Bosniae Et Serviae cum Principatu Transylvaniae, maximáque Parte Valachiae nova et exacta tabula
|h [kartografický dokument] /
|c ex Archetypo Mülleriano, S. C. M. Capit. et Ingen. desumta Viisque Veredariis, ac Novißimae Pacis Paßarovicensis Confiniis aucta a Io. Bapt. Homanno S. C. M. Geographo
|
| 255 |
|
|
|a Měřítko [ca 1:780 000]. 8,5 cm = 9 Milliaria communia, quorum 15 in uno gradu = 6 Milliaria Hungarica
|c (014°24´33" v.d.--024°22´00" v.d./050°05´00" s.š.--042°41´00" s.š.)
|
| 260 |
|
|
|a Norimbergae :
|b a Io. Bapt. Homanno S. C. M. Geographo,
|c [mezi 1716 a 1724]
|
| 300 |
|
|
|a 1 mapa na 4 listech :
|b mědirytina, ručně kolorovaná ;
|c 95 x 114 cm, 1 list 47,5 x 57 cm
|
| 500 |
|
|
|a Každý list je podlepen plátnem
|
| 500 |
|
|
|a Výzdoba: V levém horním rohu draperie s názvem umístěná v rozměrné alegorické rytině Uher, v pravém horním rohu Karel VI. předává Evženovi Savojskému kříž, s jehož pomocí zvítězí nad Turky (v pozadí scény dobývání Bělehradu a Temešváru), v pravém dolním rohu grafická měřítka a vysvětlivky, v mapovém rámci geografické souřadnice, souřadnicová síť
|
| 500 |
|
|
|a Mapa je slepena ze čtyř částí
|
| 561 |
|
|
|a Provenience: [stará signatura] 11.11.
|
| 561 |
|
|
|a Provenience: [m.p.] H 101
|
| 561 |
|
|
|a Provenience: [m.p.] Ungarn 4 Blatt
|
| 561 |
|
|
|a Provenience: [m.p.] U 11
|
| 655 |
|
7 |
|a staré mapy
|7 fd674099
|2 czenas
|
| 651 |
|
7 |
|a Uhersko
|7 ge311057
|2 czenas
|
| 700 |
1 |
|
|a Müller, Johann Christoph,
|d 1673-1721
|7 jo2002111918
|4 aut
|
| 903 |
|
|
|a RP
|
| 910 |
|
|
|e BOE950
|c R - DCCCXI (I.II.a)
|
| 978 |
|
|
|b Homann, Johann Baptista
|a Nürnberg
|c 1716-1724
|
| 984 |
|
|
|a Norimberk
|b Německo
|
| 985 |
|
|
|a 1701-1750
|
| 990 |
|
|
|a MP
|
| 996 |
|
|
|e BOE950
|c R - DCCCXI (I.II.a)
|
| 991 |
|
|
|k rajhrad
|
| 980 |
|
|
|c 290465
|g R - DCCCXI (I.II.a)
|d 20080128
|t 5
|1 328100290465
|n J
|z KR
|